[Event "Budapest FS02 Nadassy"]
[Site "Budapest"]
[Date "2024.02.11"]
[Round "8.2"]
[White "Fodre, Sandor"]
[Black "Suhaani, Lohia"]
[Result "1-0"]
[WhiteElo "1901"]
[BlackElo "1639"]
[PlyCount "97"]
[EventDate "2024.02.03"]
[EventType "tourn"]
[EventRounds "12"]
[EventCountry "HUN"]
[SourceTitle "CB08_2024"]
[SourceDate "2024.02.21"]
[SourceVersion "1"]
[SourceVersionDate "2024.02.21"]
[SourceQuality "1"]
[WhiteTeam "Team Higher Elo"]
[BlackTeam "Team Lower Elo"]
[WhiteTeamCountry "HUN"]
[BlackTeamCountry "HUN"]

1. e4 c5 2. c3 d6 3. d4 cxd4 4. cxd4 Nf6 5. Nc3 g6 6. Nf3 Bg7 7. h3 0-0 8. Bg5 Nc6 9. Qd2 d5 10. Bxf6 exf6 11. exd5 Nb4 12. Bc4 Re8+ 13. Kf1 Bd7 14. a3 Rc8 15. Bb3 Na6 16. Rd1 Qb6 17. Ba2 Nc7 18. g3 Qa6+ 19. Kg2 Nb5 20. Nxb5 Bxb5 21. Rhe1 Bc4 22. Rxe8+ Rxe8 23. Bxc4 Qxc4 24. Qa5 a6 25. Qc5 Qb3 26. Re1 Rd8 27. d6 Bf8 28. Qc7 Rxd6 29. Re8 Re6 30. Rb8 Qd5 31. Qxb7 Qd6 32. Qa8 Re2 33. Rd8 Qe7 34. Qb8 Kg7 35. Kf1 Rc2 36. Re8 Qd7 37. Kg2 Bd6 38. Rg8+ Kh6 39. Qb3 Re2 40. Qc4 Qe7 41. Qc1+ g5 42. h4 Kh5 43. hxg5 Bxg3 44. Qh1+ Kg4 45. gxf6+ Kf4 46. Qh6+ Ke4 47. fxe7 Bxf2 48. e8Q+ Kd3 49. Qxe2+ 1-0

[Event "Budapest FS02 Nadassy"]
[Site "Budapest"]
[Date "2024.02.10"]
[Round "7.2"]
[White "La Barbera, Manfredi"]
[Black "Fodre, Sandor"]
[Result "1-0"]
[WhiteElo "1955"]
[BlackElo "1901"]
[PlyCount "75"]
[EventDate "2024.02.03"]
[EventType "tourn"]
[EventRounds "12"]
[EventCountry "HUN"]
[SourceTitle "CB08_2024"]
[SourceDate "2024.02.21"]
[SourceVersion "1"]
[SourceVersionDate "2024.02.21"]
[SourceQuality "1"]
[WhiteTeam "Team Lower Elo"]
[BlackTeam "Team Higher Elo"]
[WhiteTeamCountry "HUN"]
[BlackTeamCountry "HUN"]

1. e4 d5 2. exd5 Qxd5 3. Nc3 Qd6 4. d4 Nf6 5. Nf3 Bg4 6. h3 Bxf3 7. Qxf3 c6 8. Bf4 Qb4 9. 0-0-0 e6 10. g4 h6 11. h4 Nbd7 12. g5 hxg5 13. hxg5 Rxh1 14. Qxh1 Nd5 15. Nxd5 cxd5 16. g6 f6 17. Bh3 Bd6 18. Bxd6 Qxd6 19. Bxe6 Qxe6 20. Re1 Ne5 21. Qh8+ Kd7 22. Qxg7+ Kd6 23. dxe5+ fxe5 24. Qxb7 Rg8 25. Qxa7 Rxg6 26. Qb8+ Kc6 27. Qxe5 Qg4 28. Qe8+ Kc5 29. Qf8+ Kc6 30. Qa8+ Kd6 31. Qa3+ Kc6 32. Qa6+ Kc5 33. Qa7+ Kc6 34. a4 Qf4+ 35. Kb1 Rd6 36. Re7 Rf6 37. Qb7+ Kd6 38. Rd7+ 1-0

[Event "Budapest FS02 Nadassy"]
[Site "Budapest"]
[Date "2024.02.09"]
[Round "6.2"]
[White "Demirkol, Kerim Calvelo"]
[Black "Fodre, Sandor"]
[Result "1-0"]
[WhiteElo "1806"]
[BlackElo "1901"]
[PlyCount "67"]
[EventDate "2024.02.03"]
[EventType "tourn"]
[EventRounds "12"]
[EventCountry "HUN"]
[SourceTitle "CB08_2024"]
[SourceDate "2024.02.21"]
[SourceVersion "1"]
[SourceVersionDate "2024.02.21"]
[SourceQuality "1"]
[WhiteTeam "Team Lower Elo"]
[BlackTeam "Team Higher Elo"]
[WhiteTeamCountry "HUN"]
[BlackTeamCountry "HUN"]

1. d4 d5 2. c4 e6 3. Nf3 Nf6 4. g3 c6 5. Bg2 Nbd7 6. 0-0 dxc4 7. a4 Be7 8. Nbd2 0-0 9. Nxc4 Nb6 10. b3 Nbd5 11. Bb2 c5 12. Nfe5 cxd4 13. Bxd4 Bd7 14. Qd2 Bc6 15. Rfd1 Bb4 16. Qb2 Qe7 17. e4 Nc7 18. Nxc6 bxc6 19. Bxf6 gxf6 20. e5 Nd5 21. exf6 Qd8 22. Qe5 Kh8 23. Rac1 Rg8 24. Be4 Bf8 25. Qh5 h6 26. Qxf7 Qc7 27. Qxc7 Nxc7 28. Ne5 Rg5 29. Nf7+ Kg8 30. Nxg5 hxg5 31. Rxc6 Ne8 32. Rxe6 Kf7 33. Bxa8 Kxe6 34. Rd8 1-0

[Event "Budapest FS02 Nadassy"]
[Site "Budapest"]
[Date "2024.02.07"]
[Round "5.2"]
[White "Fodre, Sandor"]
[Black "Poor, Sandor"]
[Result "1/2-1/2"]
[WhiteElo "1901"]
[BlackElo "1953"]
[PlyCount "63"]
[EventDate "2024.02.03"]
[EventType "tourn"]
[EventRounds "12"]
[EventCountry "HUN"]
[SourceTitle "CB08_2024"]
[SourceDate "2024.02.21"]
[SourceVersion "1"]
[SourceVersionDate "2024.02.21"]
[SourceQuality "1"]
[WhiteTeam "Team Higher Elo"]
[BlackTeam "Team Lower Elo"]
[WhiteTeamCountry "HUN"]
[BlackTeamCountry "HUN"]

1. e4 c6 2. d4 d5 3. Nc3 dxe4 4. Nxe4 Bf5 5. Ng3 Bg6 6. Nf3 Nd7 7. h4 h6 8. h5 Bh7 9. Bd3 Bxd3 10. Qxd3 e6 11. Bd2 Ngf6 12. 0-0-0 Be7 13. Kb1 Qc7 14. Ne4 Nxe4 15. Qxe4 Nf6 16. Qe2 0-0-0 17. g3 Bd6 18. c4 c5 19. dxc5 Qxc5 20. Be3 Qa5 21. Bd4 Bc7 22. Be5 Rxd1+ 23. Rxd1 Rd8 24. Rxd8+ Kxd8 25. Bxc7+ Qxc7 26. Qe5 Qxe5 27. Nxe5 Ke7 28. g4 Ne4 29. f3 Ng5 30. f4 Ne4 31. Kc2 f6 32. Nd3 1/2-1/2

[Event "Budapest FS02 Nadassy"]
[Site "Budapest"]
[Date "2024.02.06"]
[Round "4.2"]
[White "Rindhiya, V."]
[Black "Fodre, Sandor"]
[Result "0-1"]
[WhiteElo "1889"]
[BlackElo "1901"]
[PlyCount "82"]
[EventDate "2024.02.03"]
[EventType "tourn"]
[EventRounds "12"]
[EventCountry "HUN"]
[SourceTitle "CB08_2024"]
[SourceDate "2024.02.21"]
[SourceVersion "1"]
[SourceVersionDate "2024.02.21"]
[SourceQuality "1"]
[WhiteTeam "Team Lower Elo"]
[BlackTeam "Team Higher Elo"]
[WhiteTeamCountry "HUN"]
[BlackTeamCountry "HUN"]

1. e4 d5 2. exd5 Qxd5 3. Nc3 Qd6 4. d4 Nf6 5. Nf3 Bg4 6. h3 Bxf3 7. Qxf3 c6 8. Be3 Nbd7 9. 0-0-0 e6 10. Bf4 Qb4 11. Kb1 Be7 12. g4 h6 13. Bg2 Nb6 14. Rd3 0-0-0 15. Rhd1 Nc4 16. b3 Nd5 17. Nxd5 Rxd5 18. Ka1 Nb6 19. Bd2 Qd6 20. Qxf7 Rxd4 21. Bc3 Rxd3 22. Rxd3 Nd5 23. Bxg7 Rf8 24. Bxf8 Qe5+ 25. c3 Qe1+ 26. Kb2 Qe2+ 27. Kc1 Bg5+ 28. Re3 Bxe3+ 29. fxe3 Qxg2 30. Qxe6+ Kc7 31. c4 Qf1+ 32. Kb2 Qf2+ 33. Kc1 Nxe3 34. Qe5+ Kc8 35. Qe8+ Kc7 36. Qe7+ Kc8 37. Qe6+ Kc7 38. Bd6+ Kb6 39. c5+ Ka6 40. Qe4 Qe1+ 41. Kb2 Nd1+ 0-1

[Event "Budapest FS12 Nadassy"]
[Site "Budapest"]
[Date "2023.12.08"]
[Round "6.3"]
[White "Fodre, Sandor"]
[Black "Ladanyi, Tibor"]
[Result "1/2-1/2"]
[WhiteElo "1889"]
[BlackElo "2006"]
[PlyCount "164"]
[EventDate "2023.12.02"]
[EventType "tourn"]
[EventRounds "10"]
[EventCountry "HUN"]
[SourceTitle "CB51_2023"]
[SourceDate "2023.12.20"]
[SourceVersion "1"]
[SourceVersionDate "2023.12.20"]
[SourceQuality "1"]
[WhiteTeam "Team Lower Elo"]
[BlackTeam "Team Higher Elo"]
[WhiteTeamCountry "HUN"]
[BlackTeamCountry "HUN"]

1. e4 c5 2. c3 Nf6 3. e5 Nd5 4. Qf3 e6 5. Bc4 Nb6 6. Bb3 Qg5 7. Qe4 d5 8. exd6 Bxd6 9. Nf3 Qg6 10. Qe2 Nc6 11. 0-0 Qh5 12. Re1 0-0 13. Na3 a6 14. Nc4 Nxc4 15. Bxc4 b5 16. Qe4 Bb7 17. Bxe6 Ne5 18. Qxb7 Nxf3+ 19. Qxf3 Qxh2+ 20. Kf1 fxe6 21. Qh3 Qxh3 22. gxh3 Bg3 23. Re2 c4 24. Kg2 Bh4 25. b3 Rf6 26. Ba3 Rd8 27. Bc5 Rd5 28. Be3 Bg5 29. bxc4 bxc4 30. Rb1 Bxe3 31. Rb8+ Rf8 32. Rxf8+ Kxf8 33. fxe3 Ra5 34. Kf3 Ke7 35. Rg2 Kf6 36. Ke4 e5 37. d4 cxd3 38. Kxd3 g5 39. e4 h5 40. Kc4 g4 41. hxg4 h4 42. g5+ Kg6 43. Rg4 Rxa2 44. Rxh4 Kxg5 45. Rh8 Kf4 46. Kd3 a5 47. Rh5 a4 48. Rf5+ Kg4 49. Rxe5 a3 50. Ra5 Kf4 51. e5 Kf5 52. Kc4 Rb2 53. Rxa3 Kxe5 54. Ra6 Rc2 55. Rc6 Rc1 56. Kb5 Rb1+ 57. Kc5 Rc1 58. c4 Ra1 59. Rh6 Rb1 60. Kc6 Kd4 61. c5 Rc1 62. Kd6 Kc4 63. c6 Kb5 64. Kd7 Kb6 65. Rd6 Rc2 66. Rd1 Rh2 67. Rb1+ Ka7 68. Re1 Rh7+ 69. Re7 Rh8 70. Kd6+ Kb8 71. Kd7 Rg8 72. Kd6 Kc8 73. Rf7 Rg6+ 74. Kc5 Rg1 75. Rf8+ Kc7 76. Rf7+ Kc8 77. Rf5 Kc7 78. Rf7+ Kc8 79. Re7 Rc1+ 80. Kd6 Rd1+ 81. Kc5 Rc1+ 82. Kb6 Rb1+ 1/2-1/2

[Event "Budapest FS05 Nadassy"]
[Site "Budapest"]
[Date "2023.05.19"]
[Round "10.4"]
[White "Demirkol, Kerim Calvelo"]
[Black "Fodre, Sandor"]
[Result "1/2-1/2"]
[WhiteElo "1746"]
[BlackElo "2003"]
[PlyCount "175"]
[EventDate "2023.05.06"]
[EventType "schev"]
[EventRounds "10"]
[EventCountry "HUN"]
[SourceTitle "CBM 214 Extra"]
[Source "ChessBase"]
[SourceDate "2023.07.31"]
[SourceVersion "1"]
[SourceVersionDate "2023.07.31"]
[SourceQuality "1"]
[WhiteTeam "B Team Lower Elo"]
[BlackTeam "A Team Higher Elo"]
[WhiteTeamCountry "HUN"]
[BlackTeamCountry "HUN"]

1. e4 d5 2. exd5 Qxd5 3. Nc3 Qd6 4. d4 Nf6 5. Nf3 Bf5 6. Bd3 Bxd3 7. Qxd3 e6 8. Ne5 c6 9. 0-0 Be7 10. Bg5 Nbd7 11. Bxf6 Nxf6 12. Ne4 Nxe4 13. Qxe4 0-0 14. c3 Rad8 15. Nc4 Qc7 16. Ne3 Rfe8 17. Rad1 c5 18. d5 Bd6 19. Qh4 Qe7 20. Qxe7 Rxe7 21. c4 e5 22. Nf5 Red7 23. Rfe1 f6 24. g4 Bf8 25. f3 g6 26. Ng3 Kf7 27. Ne4 h6 28. Ng3 b5 29. b3 bxc4 30. bxc4 Rb7 31. Re2 Rb4 32. Rc2 Bd6 33. Rd3 a5 34. Rb3 Rdb8 35. Ne4 Ke7 36. Rxb4 Rxb4 37. Ng3 a4 38. Kf1 Bc7 39. Ke2 Rb1 40. Ne4 Bd6 41. Nc3 Rb4 42. Nb5 f5 43. gxf5 gxf5 44. Kd3 Bb8 45. Rg2 e4+ 46. fxe4 fxe4+ 47. Kxe4 Rxc4+ 48. Kd3 Rb4 49. d6+ Bxd6 50. Nxd6 Kxd6 51. Rg6+ Kd5 52. Rxh6 Rb2 53. Rh5+ Kc6 54. a3 Kb5 55. h4 Rb3+ 56. Kc2 Rxa3 57. Rh8 Rh3 58. h5 Kc4 59. h6 a3 60. h7 a2 61. Kb2 Ra3 62. Ka1 Ra7 63. Rc8 Rxh7 64. Kxa2 Rb7 65. Rh8 Rd7 66. Kb2 Rd2+ 67. Kb1 Kc3 68. Rh3+ Rd3 69. Rh8 c4 70. Rc8 Rd1+ 71. Ka2 Rd7 72. Kb1 Rb7+ 73. Ka1 Kd3 74. Rh8 c3 75. Rh3+ Kc2 76. Rh2+ Kb3 77. Kb1 Ra7 78. Rb2+ Kc4 79. Rh2 Rb7+ 80. Kc1 Ra7 81. Kb1 Rb7+ 82. Kc1 Kb3 83. Rh8 Rb5 84. Rg8 Rd5 85. Rb8+ Kc4 86. Kc2 Rd2+ 87. Kc1 Rd5 88. Kc2 1/2-1/2

[Event "Budapest FS05 Nadassy"]
[Site "Budapest"]
[Date "2023.05.09"]
[Round "4.4"]
[White "Szivak, Andras"]
[Black "Fodre, Sandor"]
[Result "0-1"]
[WhiteElo "1733"]
[BlackElo "2003"]
[PlyCount "72"]
[EventDate "2023.05.06"]
[EventType "schev"]
[EventRounds "10"]
[EventCountry "HUN"]
[SourceTitle "CBM 214 Extra"]
[Source "ChessBase"]
[SourceDate "2023.07.31"]
[SourceVersion "1"]
[SourceVersionDate "2023.07.31"]
[SourceQuality "1"]
[WhiteTeam "B Team Lower Elo"]
[BlackTeam "A Team Higher Elo"]
[WhiteTeamCountry "HUN"]
[BlackTeamCountry "HUN"]

1. d4 d5 2. c4 c6 3. Nf3 Nf6 4. Nc3 e6 5. Bg5 Nbd7 6. e3 Qa5 7. Nd2 Bb4 8. Rc1 Ne4 9. Ndxe4 dxe4 10. c5 Qxa2 11. Qc2 Qd5 12. Bf4 0-0 13. f3 exf3 14. Kf2 Bxc3 15. Qxc3 fxg2 16. Bxg2 Qf5 17. Ke2 Nf6 18. Rhf1 Nd5 19. Qe1 Qg4+ 20. Bf3 Nxf4+ 21. exf4 Qxf4 22. Qc3 e5 23. dxe5 Re8 24. Kf2 Bh3 25. Rh1 Qxe5 26. Qxe5 Rxe5 27. Rhe1 Rxe1 28. Rxe1 Be6 29. Ra1 a6 30. Ke3 Rd8 31. Ra4 Kf8 32. Rb4 Rd7 33. Rh4 h6 34. Rd4 Rxd4 35. Kxd4 Ke7 36. b4 Ba2 0-1

[Event "HUN-chT2 Maroczy 1819"]
[Site "Hungary"]
[Date "2019.02.24"]
[Round "8.9"]
[White "Fodre, Sandor"]
[Black "Kerek, Csaba"]
[Result "0-1"]
[WhiteElo "2035"]
[BlackElo "2315"]
[PlyCount "114"]
[EventDate "2018.09.23"]
[EventType "team-tourn"]
[EventRounds "11"]
[EventCountry "HUN"]
[SourceTitle "EXT 2020"]
[Source "ChessBase"]
[SourceDate "2019.10.17"]
[SourceVersion "1"]
[SourceVersionDate "2019.10.17"]
[SourceQuality "1"]
[WhiteTeam "Dunaharaszti II"]
[BlackTeam "Szigetszentmiklos"]
[WhiteTeamCountry "HUN"]
[BlackTeamCountry "HUN"]

1. e4 Nf6 2. e5 Nd5 3. c4 Nb6 4. c5 Nd5 5. Bc4 e6 6. d4 d6 7. cxd6 cxd6 8. Nf3 Nc6 9. 0-0 Be7 10. Qe2 0-0 11. Rd1 Bd7 12. a3 Na5 13. Bxd5 exd5 14. Nc3 Rc8 15. exd6 Bxd6 16. Bg5 f6 17. Be3 a6 18. Nd2 Be6 19. Bf4 Re8 20. Bxd6 Qxd6 21. Qf3 b5 22. Rac1 Bf7 23. Re1 Nc4 24. Nxc4 dxc4 25. Red1 Rcd8 26. Rd2 Bg6 27. h3 Bd3 28. d5 Re5 29. Qg3 Rde8 30. Kh2 h5 31. h4 Qb6 32. Rcd1 Qc5 33. Rxd3 cxd3 34. Rxd3 Rd8 35. Rf3 Qe7 36. Qf4 Re1 37. Rg3 Qe5 38. Qd2 Rf1 39. Qe3 Qxe3 40. fxe3 Rf2 41. Ne4 Rf5 42. Nc3 Kf7 43. Kg1 Rc8 44. e4 Rf4 45. Rf3 Rxh4 46. g3 Rg4 47. Kf2 h4 48. gxh4 Rxh4 49. Kg3 Rch8 50. e5 Rh3+ 51. Kg2 Rxf3 52. e6+ Ke7 53. Kxf3 Rh2 54. Ne2 Kd6 55. Ng3 Kxd5 56. e7 Rh8 57. Nf5 Re8 0-1

[Event "HUN-chT2 Maroczy 1718"]
[Site "Hungary"]
[Date "2017.11.26"]
[Round "2.10"]
[White "Metaxasz, Vaszilisz"]
[Black "Fodre, Sandor"]
[Result "1-0"]
[WhiteElo "2060"]
[BlackElo "2060"]
[PlyCount "123"]
[EventDate "2017.10.29"]
[EventType "team-tourn"]
[EventRounds "9"]
[EventCountry "HUN"]
[SourceTitle "EXT 2021"]
[Source "ChessBase"]
[SourceDate "2020.10.23"]
[SourceVersion "1"]
[SourceVersionDate "2020.10.23"]
[SourceQuality "1"]
[WhiteTeam "Taban Spartacus"]
[BlackTeam "Dunaharaszti II"]
[WhiteTeamCountry "HUN"]
[BlackTeamCountry "HUN"]

1. d4 d5 2. c4 e6 3. Nc3 Nf6 4. Nf3 c6 5. e3 Nbd7 6. Qc2 Bd6 7. Bd3 0-0 8. 0-0 dxc4 9. Bxc4 e5 10. Rd1 Qc7 11. h3 exd4 12. exd4 Nb6 13. Bb3 Bf4 14. Ne4 Nbd5 15. Nfg5 g6 16. g3 Bxc1 17. Raxc1 Bf5 18. Nxf6+ Nxf6 19. Qd2 Qd7 20. Qf4 Nh5 21. Qh4 h6 22. g4 hxg5 23. Qxg5 Ng7 24. gxf5 Qxf5 25. Qxf5 Nxf5 26. d5 cxd5 27. Rxd5 a5 28. Rc7 b6 29. Rdd7 Nh6 30. Rb7 Rab8 31. Bxf7+ Nxf7 32. Rxf7 Rxb7 33. Rxb7 Rf6 34. Kg2 Kf8 35. Kg3 Ke8 36. f4 Kd8 37. Kg4 Kc8 38. Re7 Rd6 39. Re5 Kc7 40. a4 Rd2 41. b3 Rg2+ 42. Kh4 Rf2 43. Kg5 Rf3 44. Rb5 Rg3+ 45. Kf6 Kc6 46. b4 Rf3 47. Kg5 Rg3+ 48. Kh4 Ra3 49. bxa5 Rxa4 50. Rxb6+ Kc7 51. Rxg6 Rxa5 52. Re6 Kd7 53. Re3 Ra8 54. f5 Rg8 55. Kh5 Rg1 56. f6 Rg2 57. Kh6 Rg1 58. f7 Rf1 59. Kg7 Rg1+ 60. Kf8 Rf1 61. Rd3+ Ke6 62. Ke8 1-0

[Event "HUN-chT2 Maroczy 1516"]
[Site "Hungary"]
[Date "2015.11.08"]
[Round "2.8"]
[White "Fodre, Sandor"]
[Black "Pap, Peter"]
[Result "0-1"]
[WhiteElo "2104"]
[BlackElo "2085"]
[PlyCount "149"]
[EventDate "2015.10.18"]
[EventType "team-tourn"]
[EventRounds "9"]
[EventCountry "HUN"]
[SourceTitle "CBM 170 Extra"]
[Source "ChessBase"]
[SourceDate "2016.02.25"]
[SourceVersion "1"]
[SourceVersionDate "2016.02.25"]
[SourceQuality "1"]
[WhiteTeam "Dunaharaszti II"]
[BlackTeam "Maroczy"]
[WhiteTeamCountry "HUN"]
[BlackTeamCountry "HUN"]

1. e4 c6 2. d4 d5 3. exd5 cxd5 4. c4 Nf6 5. Nc3 e6 6. Nf3 Bb4 7. cxd5 Nxd5 8. Bd2 Nc6 9. Bd3 0-0 10. 0-0 Nxc3 11. bxc3 Be7 12. Be4 Qc7 13. Rc1 Rd8 14. Re1 Bf6 15. Bg5 Bxg5 16. Bxh7+ Kxh7 17. Nxg5+ Kg8 18. Qh5 Qf4 19. Qh7+ Kf8 20. Qh8+ Ke7 21. Qxg7 Qf6 22. Qxf6+ Kxf6 23. h4 Rh8 24. g3 Bd7 25. Re3 Kg6 26. Rce1 Ne7 27. Nf3 f6 28. c4 Nf5 29. Rd3 Rac8 30. d5 e5 31. Rc3 Rc5 32. Rxe5 Rhc8 33. Re4 Rxd5 34. h5+ Kf7 35. g4 Rd1+ 36. Kh2 Nh6 37. g5 Ng4+ 38. Kg3 f5 39. Rd4 Rxd4 40. Nxd4 Rh8 41. f3 Rxh5 42. fxg4 fxg4 43. Kf4 Kg6 44. Ra3 a6 45. Rb3 b5 46. cxb5 axb5 47. Ra3 Rxg5 48. Ra6+ Kh5 49. Ra7 Rg7 50. Ra8 Rf7+ 51. Kg3 Kg5 52. Rb8 Rh7 53. Rg8+ Kf6 54. Kf4 Rh2 55. Rb8 Rxa2 56. Rb6+ Ke7 57. Ke5 Rh2 58. Rb7 Rh5+ 59. Kf4 Kd6 60. Kg3 Rd5 61. Ne2 Rd3+ 62. Kf2 Kc5 63. Kg1 b4 64. Rc7+ Bc6 65. Rg7 Bf3 66. Nf4 Rd2 67. Rc7+ Kb6 68. Rc4 Kb5 69. Rc8 g3 70. Rc1 b3 71. Kf1 b2 72. Rb1 Be4 73. Re1 Rf2+ 74. Kg1 Rxf4 75. Rd1 0-1

[Event "Budapest Duna op"]
[Site "Budapest"]
[Date "2015.09.26"]
[Round "4"]
[White "Fodre, Sandor"]
[Black "Dudas, Eszter"]
[Result "0-1"]
[WhiteElo "2139"]
[BlackElo "2145"]
[PlyCount "38"]
[EventDate "2015.09.23"]
[EventType "swiss"]
[EventRounds "9"]
[EventCountry "HUN"]
[SourceTitle "CBM 168 Extra"]
[Source "ChessBase"]
[SourceDate "2015.10.29"]
[SourceVersion "1"]
[SourceVersionDate "2015.10.29"]
[SourceQuality "1"]

1. e4 e6 2. Nf3 d5 3. Nc3 Nf6 4. exd5 exd5 5. d4 Bg4 6. Bd3 Be7 7. 0-0 Nc6 8. Be3 0-0 9. Re1 Re8 10. h3 Bh5 11. g4 Bg6 12. Bxg6 hxg6 13. a3 Ne4 14. Qd3 Bf6 15. Rad1 Rc8 16. Qb5 Nxc3 17. bxc3 Qd6 18. Qxb7 Rb8 19. Qa6 Nxd4 0-1

[Event "Budapest Duna op"]
[Site "Budapest"]
[Date "2015.09.24"]
[Round "2"]
[White "Rezsek, Gyozo"]
[Black "Fodre, Sandor"]
[Result "1-0"]
[WhiteElo "2015"]
[BlackElo "2139"]
[PlyCount "79"]
[EventDate "2015.09.23"]
[EventType "swiss"]
[EventRounds "9"]
[EventCountry "HUN"]
[SourceTitle "CBM 168 Extra"]
[Source "ChessBase"]
[SourceDate "2015.10.29"]
[SourceVersion "1"]
[SourceVersionDate "2015.10.29"]
[SourceQuality "1"]

1. e4 c5 2. Nf3 Nc6 3. Nc3 e5 4. Bc4 Be7 5. d3 d6 6. h3 Nf6 7. 0-0 0-0 8. Nd5 Nxd5 9. Bxd5 Kh8 10. g4 h5 11. Nh2 Bg5 12. Bxc6 bxc6 13. Qf3 Bxc1 14. Raxc1 Qg5 15. Qg3 h4 16. Qe3 Qe7 17. f4 exf4 18. Qxf4 Kg8 19. Nf3 Be6 20. b3 Rae8 21. Qg5 Qxg5 22. Nxg5 g6 23. Rf6 Kg7 24. Rcf1 Re7 25. Nxe6+ Rxe6 26. Rxe6 fxe6 27. Rxf8 Kxf8 28. g5 e5 29. Kf2 d5 30. c4 Ke7 31. Kf3 Kd6 32. Kg4 a5 33. Kxh4 a4 34. bxa4 Kc7 35. Kg4 Kb6 36. h4 dxc4 37. dxc4 Ka5 38. h5 gxh5+ 39. Kxh5 Kb4 40. g6 1-0

[Event "HUN-chT2 Maroczy 1415"]
[Site "Hungary"]
[Date "2015.03.22"]
[Round "8"]
[White "Fodre, Sandor"]
[Black "Valyi, Blanka Borbala"]
[Result "1-0"]
[WhiteElo "2129"]
[BlackElo "1882"]
[PlyCount "67"]
[EventDate "2014.10.12"]
[EventType "team-tourn"]
[EventRounds "9"]
[EventCountry "HUN"]
[SourceTitle "EXT 2016"]
[Source "ChessBase"]
[SourceDate "2015.10.08"]
[SourceVersion "1"]
[SourceVersionDate "2015.10.08"]
[SourceQuality "1"]
[WhiteTeam "Dunaharaszti II"]
[BlackTeam "Maroczy"]
[WhiteTeamCountry "HUN"]
[BlackTeamCountry "HUN"]

1. e4 c5 2. c3 d6 3. d4 cxd4 4. cxd4 Nf6 5. Nc3 g6 6. Nf3 Bg7 7. h3 0-0 8. Bg5 h6 9. Be3 Nbd7 10. Qd2 Kh7 11. g4 e5 12. 0-0-0 Qc7 13. Kb1 exd4 14. Nxd4 Nc5 15. f3 a6 16. h4 Ng8 17. Nd5 Qd8 18. h5 g5 19. Nf5 Bxf5 20. gxf5 Nf6 21. Bh3 Nxd5 22. Qxd5 Na4 23. f6 Bxf6 24. e5 Nxb2 25. exf6 Nxd1 26. Qf5+ Kh8 27. Rxd1 Qe8 28. Bc1 Rc8 29. f4 Rc5 30. Qd3 Qc6 31. fxg5 hxg5 32. Bb2 d5 33. Qe3 Rc2 34. Qxg5 1-0

[Event "HUN-chT2 Maroczy 1415"]
[Site "Hungary"]
[Date "2015.01.25"]
[Round "5"]
[White "Toviskes, Antal"]
[Black "Fodre, Sandor"]
[Result "1-0"]
[WhiteElo "1992"]
[BlackElo "2129"]
[PlyCount "159"]
[EventDate "2014.10.12"]
[EventType "team-tourn"]
[EventRounds "9"]
[EventCountry "HUN"]
[SourceTitle "EXT 2016"]
[Source "ChessBase"]
[SourceDate "2015.10.08"]
[SourceVersion "1"]
[SourceVersionDate "2015.10.08"]
[SourceQuality "1"]
[WhiteTeam "Hajduboszormeny"]
[BlackTeam "Dunaharaszti II"]
[WhiteTeamCountry "HUN"]
[BlackTeamCountry "HUN"]

1. e4 c5 2. Nc3 Nc6 3. g3 g6 4. Bg2 Bg7 5. d3 d6 6. f4 Nf6 7. Nf3 Bg4 8. 0-0 Qd7 9. Rb1 h5 10. h4 Nd4 11. Kh2 e6 12. Ne2 Nxf3+ 13. Bxf3 Bxf3 14. Rxf3 d5 15. e5 Ng4+ 16. Kg2 d4 17. Ng1 Qd5 18. c4 Qc6 19. Nh3 0-0 20. Kg1 f6 21. exf6 Bxf6 22. Nf2 Ne3 23. Bxe3 dxe3 24. Ne4 Bd4 25. Qe2 Rf5 26. Rbf1 Raf8 27. Kg2 Qc7 28. Ng5 Qe7 29. b3 b6 30. Ne4 Kg7 31. Ng5 Qd6 32. Ne4 Qc6 33. Qe1 a6 34. a4 b5 35. axb5 axb5 36. Qe2 bxc4 37. bxc4 Rb8 38. Rc1 Rb2 39. Rc2 Rb1 40. Nc3 Ra1 41. Nd1 Rf7 42. Nxe3 Rb7 43. Nf1 Rbb1 44. Qe4 Qa6 45. Re2 Ra2 46. Kh3 Rxe2 47. Qxe2 Rb2 48. Qe4 Kf6 49. g4 hxg4+ 50. Kxg4 Rg2+ 51. Rg3 Rxg3+ 52. Nxg3 Qa1 53. h5 Qd1+ 54. Qe2 Qxe2+ 55. Nxe2 gxh5+ 56. Kxh5 Bb2 57. Kg4 Kg6 58. Ng3 Bd4 59. Kf3 Kf6 60. Ne4+ Kf5 61. Nd6+ Kf6 62. Ke4 Bg1 63. Nb5 Ke7 64. d4 cxd4 65. Nxd4 Kd6 66. Nf3 Bf2 67. Ne5 Be1 68. c5+ Kc7 69. Nf3 Bf2 70. Nd4 Kd7 71. Ke5 Bg3 72. Nxe6 Kc6 73. Ke4 Bf2 74. f5 Bh4 75. Ke5 Kd7 76. Kd5 Ke7 77. c6 Bg3 78. c7 Kd7 79. f6 Bd6 80. c8Q+ 1-0

[Event "HUN-chT2 Maroczy 1314"]
[Site "Hungary"]
[Date "2013.11.03"]
[Round "4"]
[White "Fodre, Sandor"]
[Black "Meszaros, Matyas"]
[Result "1/2-1/2"]
[WhiteElo "2170"]
[BlackElo "2205"]
[PlyCount "53"]
[EventDate "2013.09.08"]
[EventType "team-tourn"]
[EventRounds "11"]
[EventCountry "HUN"]
[SourceTitle "EXT 2016"]
[Source "ChessBase"]
[SourceDate "2015.10.08"]
[SourceVersion "1"]
[SourceVersionDate "2015.10.08"]
[SourceQuality "1"]
[WhiteTeam "Lila Futo"]
[BlackTeam "Penzugyor II"]
[WhiteTeamCountry "HUN"]
[BlackTeamCountry "HUN"]

1. e4 d5 2. exd5 Qxd5 3. Nc3 Qd6 4. d4 Nf6 5. Nf3 Bg4 6. h3 Bh5 7. Nb5 Qb6 8. c4 c6 9. Nc3 Nbd7 10. Be2 e6 11. 0-0 Be7 12. Na4 Qc7 13. Be3 0-0 14. Qc2 Rac8 15. Rac1 c5 16. dxc5 Nxc5 17. Nxc5 Bxc5 18. Bxc5 Qxc5 19. b3 Rfd8 20. Rfd1 h6 21. Rxd8+ Rxd8 22. Rd1 Rxd1+ 23. Qxd1 Bxf3 24. Bxf3 b6 25. Qd8+ Kh7 26. Qd3+ Kg8 27. Qd8+ 1/2-1/2

[Event "HUN-chT2 Maroczy 1314"]
[Site "Hungary"]
[Date "2013.10.20"]
[Round "3"]
[White "Vamos, Viktor"]
[Black "Fodre, Sandor"]
[Result "1/2-1/2"]
[WhiteElo "2181"]
[BlackElo "2170"]
[PlyCount "59"]
[EventDate "2013.09.08"]
[EventType "team-tourn"]
[EventRounds "11"]
[EventCountry "HUN"]
[SourceTitle "EXT 2016"]
[Source "ChessBase"]
[SourceDate "2015.10.08"]
[SourceVersion "1"]
[SourceVersionDate "2015.10.08"]
[SourceQuality "1"]
[WhiteTeam "Toth Laszlo"]
[BlackTeam "Lila Futo"]
[WhiteTeamCountry "HUN"]
[BlackTeamCountry "HUN"]

1. d4 d5 2. c4 c6 3. cxd5 cxd5 4. Nc3 Nf6 5. Bf4 Nc6 6. e3 a6 7. Bd3 Bg4 8. Nge2 e6 9. 0-0 Bd6 10. Bxd6 Qxd6 11. f3 Bh5 12. Rc1 Bg6 13. a3 0-0 14. Na4 e5 15. Bxg6 hxg6 16. dxe5 Qxe5 17. Rc3 Rad8 18. Nd4 Nxd4 19. Qxd4 Rfe8 20. Qxe5 Rxe5 21. Rd1 Rde8 22. Kf2 d4 23. Rxd4 Nd5 24. Rc5 Nxe3 25. Rxe5 Rxe5 26. Rd8+ Kh7 27. Rd7 b5 28. Nb6 Re6 29. b3 f6 30. Nd5 1/2-1/2

[Event "HUN-chT2 Maroczy 1314"]
[Site "Hungary"]
[Date "2013.09.08"]
[Round "1"]
[White "Fodre, Sandor"]
[Black "Kaposztas, Miklos"]
[Result "1/2-1/2"]
[WhiteElo "2170"]
[BlackElo "2171"]
[PlyCount "36"]
[EventDate "2013.09.08"]
[EventType "team-tourn"]
[EventRounds "11"]
[EventCountry "HUN"]
[SourceTitle "EXT 2016"]
[Source "ChessBase"]
[SourceDate "2015.10.08"]
[SourceVersion "1"]
[SourceVersionDate "2015.10.08"]
[SourceQuality "1"]
[WhiteTeam "Lila Futo"]
[BlackTeam "Budapest Vasas"]
[WhiteTeamCountry "HUN"]
[BlackTeamCountry "HUN"]

1. e4 c5 2. c3 g6 3. Nf3 Bg7 4. d4 cxd4 5. cxd4 d5 6. e5 Bg4 7. Nc3 Nc6 8. Bb5 e6 9. h3 Bxf3 10. Qxf3 Nge7 11. Bg5 Qb6 12. Bxe7 Kxe7 13. Bxc6 Qxc6 14. 0-0 Rhc8 15. Rfd1 Kf8 16. Rab1 Kg8 17. Qf4 Rc7 18. Rbc1 Qd7 1/2-1/2